Manegerial Accounting (Record no. 83027)

MARC details
000 -LEADER
fixed length control field 00533nam a2200181Ia 4500
003 - CONTROL NUMBER IDENTIFIER
control field OSt
005 - DATE AND TIME OF LATEST TRANSACTION
control field 20260218110402.0
020 ## - INTERNATIONAL STANDARD BOOK NUMBER
International Standard Book Number 978-0-69-779303-4
040 ## - CATALOGING SOURCE
Transcribing agency LC
050 ## - LIBRARY OF CONGRESS CALL NUMBER
Classification number HF 5657.4 .V 35 2011
100 ## - MAIN ENTRY--PERSONAL NAME
Personal name Valencia Community College
245 #0 - TITLE STATEMENT
Title Manegerial Accounting
260 ## - PUBLICATION, DISTRIBUTION, ETC.
Place of publication, distribution, etc. USA,
Name of publisher, distributor, etc. THE McGRAW-HILL COMPANIES, INC,
Date of publication, distribution, etc. 2011,
300 ## - PHYSICAL DESCRIPTION
Extent Xi, 656 P, ILL
500 ## - GENERAL NOTE
General note INCLUDES BIBLIOGRAPHICAL REFERENCES AND INDEX
650 ## - SUBJECT ADDED ENTRY--TOPICAL TERM
Topical term or geographic name entry element Managerial accounting-Textbooks Cost accounting, Business-Finance
942 ## - ADDED ENTRY ELEMENTS (KOHA)
Koha item type Long Loan Book
Source of classification or shelving scheme Library of Congress Classification
Holdings
Withdrawn status Lost status Source of classification or shelving scheme Damaged status Not for loan Collection Home library Current library Shelving location Date acquired Inventory number Total checkouts Full call number Barcode Date last seen Copy number Price effective from Koha item type
    Library of Congress Classification     Business & Economics Kisii University Library Kisii University Library On Display 09/15/2023 36615   HF 5657.4 .V 35 2011 000000018027 09/15/2023 1 09/15/2023 Long Loan Book
    Library of Congress Classification     Business & Economics Kisii University Library Kisii University Library On Display 02/18/2026 37107   HF 5657.4 .V 35 2011 004792 02/18/2026 3 02/18/2026 Long Loan Book